Direction of trade statistics yearbook
Αποθηκεύτηκε σε:
| Συγγραφή απο Οργανισμό/Αρχή: | |
|---|---|
| Μορφή: | Βιβλίο |
| Γλώσσα: | English |
| Δημοσίευση: |
Washington, D.C. :
International Monetary Fund,
C1998.
|
| Θέματα: | |
| Ετικέτες: |
Προσθήκη ετικέτας
Δεν υπάρχουν, Καταχωρήστε ετικέτα πρώτοι!
|
MARC
| LEADER | 00000cam a2200000 i 4500 | ||
|---|---|---|---|
| 001 | 1/93159 | ||
| 008 | 991118s1998 wau| ||| |||| ||eng|| | ||
| 020 | |a 1557757488 | ||
| 035 | |l 10054313 | ||
| 040 | |a GR-MyUa |b gre |e AACR2 | ||
| 041 | 0 | |a eng | |
| 082 | 7 | |a 382.0212 |2 (22) | |
| 110 | 2 | |a International Monetary Fund. | |
| 245 | 1 | 0 | |a Direction of trade statistics yearbook / |c International Monetary Fund. |
| 260 | |a Washington, D.C. : |b International Monetary Fund, |c C1998. | ||
| 300 | |a xx, 477 σ. ; |c 28 εκ. | ||
| 650 | 0 | |a Commercial statistics |x Periodicals. | |
| 852 | |a INST |b CHIOS |e 19991118 |h 382.0212 DIR |p 005200019518 |q 005200019518 |t REF |y 23 | ||
| 901 | |a BIBL2-1999-3 | ||
| 922 | |a 2ΕΛΗ |b 199911 |c ΤΝΕΥ |d ΠΑΠΑΣΩΤΗΡΙΟΥ | ||
| 950 | |a 125-1999-07-15 | ||
| 970 | |a ΣΑΛΑΜΟΥΡΑ |b ΜΑΡΙΑ |z 1999/11/24 | ||